An essential introduction to Maya character rigging / (Record no. 192081)

MARC details
000 -LEADER
fixed length control field 02370cam a2200529Ii 4500
001 - CONTROL NUMBER
control field 9781315771403
003 - CONTROL NUMBER IDENTIFIER
control field FlBoTFG
005 - DATE AND TIME OF LATEST TRANSACTION
control field 20250204103855.0
006 - FIXED-LENGTH DATA ELEMENTS--ADDITIONAL MATERIAL CHARACTERISTICS
fixed length control field m d
007 - PHYSICAL DESCRIPTION FIXED FIELD--GENERAL INFORMATION
fixed length control field cr |||||||||||
008 - FIXED-LENGTH DATA ELEMENTS--GENERAL INFORMATION
fixed length control field 201209t20212021flua o 001 0 eng d
040 ## - CATALOGING SOURCE
Original cataloging agency OCoLC-P
Language of cataloging eng
Description conventions rda
-- pn
Transcribing agency OCoLC-P
020 ## - INTERNATIONAL STANDARD BOOK NUMBER
International Standard Book Number 9781317675280
Qualifying information electronic publication
020 ## - INTERNATIONAL STANDARD BOOK NUMBER
International Standard Book Number 1317675282
Qualifying information electronic publication
020 ## - INTERNATIONAL STANDARD BOOK NUMBER
International Standard Book Number 9781317675297
Qualifying information electronic book
020 ## - INTERNATIONAL STANDARD BOOK NUMBER
International Standard Book Number 1317675290
Qualifying information electronic book
020 ## - INTERNATIONAL STANDARD BOOK NUMBER
International Standard Book Number 9781315771403
Qualifying information electronic book
020 ## - INTERNATIONAL STANDARD BOOK NUMBER
International Standard Book Number 1315771403
Qualifying information electronic book
020 ## - INTERNATIONAL STANDARD BOOK NUMBER
International Standard Book Number 9781317675273
Qualifying information electronic book
-- Mobipocket
020 ## - INTERNATIONAL STANDARD BOOK NUMBER
International Standard Book Number 1317675274
Qualifying information electronic book
-- Mobipocket
020 ## - INTERNATIONAL STANDARD BOOK NUMBER
International Standard Book Number 9780080557359
Qualifying information electronic book
020 ## - INTERNATIONAL STANDARD BOOK NUMBER
International Standard Book Number 008055735X
Qualifying information electronic book
020 ## - INTERNATIONAL STANDARD BOOK NUMBER
Canceled/invalid ISBN 9780367694067
Qualifying information hardcover
024 7# - OTHER STANDARD IDENTIFIER
Standard number or code 10.1201/9781315771403
Source of number or code doi
035 ## - SYSTEM CONTROL NUMBER
System control number (OCoLC)1233303111
035 ## - SYSTEM CONTROL NUMBER
System control number (OCoLC-P)1233303111
082 04 - DEWEY DECIMAL CLASSIFICATION NUMBER
Classification number 006.696
Edition number 23
100 1# - MAIN ENTRY--PERSONAL NAME
Personal name Briggs, Cheryl,
Relator term author.
245 13 - TITLE STATEMENT
Title An essential introduction to Maya character rigging /
Statement of responsibility, etc. Cheryl Briggs.
250 ## - EDITION STATEMENT
Edition statement Second edition.
264 #1 - PRODUCTION, PUBLICATION, DISTRIBUTION, MANUFACTURE, AND COPYRIGHT NOTICE
Place of production, publication, distribution, manufacture Boca Raton :
Name of producer, publisher, distributor, manufacturer CRC Press,
Date of production, publication, distribution, manufacture, or copyright notice 2021.
264 #4 - PRODUCTION, PUBLICATION, DISTRIBUTION, MANUFACTURE, AND COPYRIGHT NOTICE
Date of production, publication, distribution, manufacture, or copyright notice ©2021
300 ## - PHYSICAL DESCRIPTION
Extent 1 online resource (xvii, 455 pages) :
Other physical details color illustrations
336 ## - CONTENT TYPE
Content type term text
Source rdacontent
336 ## - CONTENT TYPE
Content type term still image
Source rdacontent
337 ## - MEDIA TYPE
Media type term computer
Source rdamedia
338 ## - CARRIER TYPE
Carrier type term online resource
Source rdacarrier
500 ## - GENERAL NOTE
General note Includes index.
500 ## - GENERAL NOTE
General note Introduction 1 -- Chapter 1: Skeleton Setup 11 -- Chapter 2: Control Rig Setup 41 -- Chapter 3: Bipedal Legs and Feet 75 -- Chapter 4: Bipedal Spine and Neck 103 -- Chapter 5: Bipedal Arms and Hands 143 -- Chapter 6: Quadruped Legs and Feet 193 -- Chapter 7: Quadruped Spine and Neck 261 -- Chapter 8: Head 305 -- Chapter 9: Facial Rigging 335 -- Chapter 10: Props 379 -- Chapter 11: Wrapping Up the Setup 393 -- Chapter 12: Skinning Your Character 415
588 ## - SOURCE OF DESCRIPTION NOTE
Source of description note OCLC-licensed vendor bibliographic record.
630 00 - SUBJECT ADDED ENTRY--UNIFORM TITLE
Uniform title Maya (Computer file)
650 #0 - SUBJECT ADDED ENTRY--TOPICAL TERM
Topical term or geographic name entry element Computer animation.
650 #0 - SUBJECT ADDED ENTRY--TOPICAL TERM
Topical term or geographic name entry element Rigging (Computer animation)
9 (RLIN) 34759
655 #4 - INDEX TERM--GENRE/FORM
Genre/form data or focus term Electronic books.
776 08 - ADDITIONAL PHYSICAL FORM ENTRY
Relationship information Print version:
International Standard Book Number 9780367694067
856 40 - ELECTRONIC LOCATION AND ACCESS
Uniform Resource Identifier https://ezproxy.taylors.edu.my/login?url=https://www.taylorfrancis.com/books/9781315771403
Public note An electronic book accessible through the World Wide Web; click to view
Holdings
Withdrawn status Lost status Source of classification or shelving scheme Damaged status Not for loan Home library Current library Date acquired Source of acquisition Cost, normal purchase price Inventory number Total Checkouts Date last seen Cost, replacement price Price effective from Koha item type Public note
    Dewey Decimal Classification   e-book Taylor's Library-TU Taylor's Library - Perpetual(TU) 05/02/2025 97 1146.23 TU-700001762   05/02/2025 1146.23 05/02/2025 Main Collection GENLS,GENLS,03,CL,PPT